|
|
|
|
| LEADER |
00000naa2a2200000 4500 |
| 001 |
396717 |
| 005 |
20231101064812.0 |
| 035 |
|
|
|a (RuTPU)RU\TPU\prd\35137
|
| 090 |
|
|
|a 396717
|
| 100 |
|
|
|a 20050419a2000 k y0rusy50 ca
|
| 101 |
0 |
|
|a rus
|
| 102 |
|
|
|a RU
|
| 200 |
1 |
|
|a Практика бурения при несбалансированном пластовом давлении с использованием окисленных буровых растворов
|f Г. Х. Шитти, Д. Дьюарт, К. Копп, К. Браун
|
| 225 |
1 |
|
|a Нефть мира
|
| 320 |
|
|
|a Библиогр.: 5 назв.
|
| 461 |
|
0 |
|0 (RuTPU)RU\TPU\prd\1175
|x 0202-4578
|t Нефтегазовые технологии
|o научно-технический журнал
|f World Oil ; Pipe Line Industry ; Gulf Publishing Company
|d 1994-
|
| 463 |
|
0 |
|0 (RuTPU)RU\TPU\prd\128452
|t № 4
|v С. 41-46
|d 2000
|
| 610 |
1 |
|
|a окисленные буровые растворы
|
| 610 |
1 |
|
|a бурение
|
| 610 |
1 |
|
|a бурильные трубы
|
| 610 |
1 |
|
|a коррозия
|
| 610 |
1 |
|
|a несбалансированное пластовое давление
|
| 610 |
1 |
|
|a химические реагенты
|
| 610 |
1 |
|
|a закачивание
|
| 701 |
|
1 |
|a Шитти
|b Г. Х.
|
| 701 |
|
1 |
|a Дьюарт
|b Д.
|
| 701 |
|
1 |
|a Копп
|b К.
|
| 701 |
|
1 |
|a Браун
|b К.
|
| 801 |
|
1 |
|a RU
|b 63413507
|c 20050419
|g PSBO
|
| 801 |
|
2 |
|a RU
|b 63413507
|c 20120112
|g PSBO
|
| 942 |
|
|
|c BK
|